00633nam a22001817a 450000500170000001000150001702000260003203500130005803700130007108200110008410000200009524501230011526000310023827000780026930000320034750000500037970000220042920150515121819.0 aENG-112299 a9781138846289c795.00 aEN-95831 bDBAD/PUB a304.82 aZachariah, K.C. aResearching internantional migration :blessons from the Kerala experience /cby K.C. Zachariah [and] S. Irudaya Rajan aNew DelhibRoutledgec2015 a912,Tolstoy House, 15-17 Tolstoy Marg, Connaught PlacebNew Delhie110001 axiv,272p. :c22cm(Hb)bill. aIncludes bibliographical references and index aRajan, S. Irudaya